Geometría analítica

Saved in:
Bibliografiske detaljer
Hovedforfatter: Lehmann, Charles H (Author)
Format: Bog
Sprog:spansk
Udgivet: Ciudad de México UTEHA 1953
Fag:
Tags: Tilføj Tag
Ingen Tags, Vær først til at tagge denne postø!

MARC

LEADER 00000nam a2200000 a 4500
001 UCO7704
003 CL-VaPUC
008 001117e19530000MX |||||||||||||||||spa|d
082 0 4 |a 516.3  |b LEH  |2 21 
100 |a Lehmann, Charles H  |e author  |9 598163 
245 1 0 |a Geometría analítica 
300 |a 494 p 
942 |c BK 
945 |d 20001117 00:00:00  |a vberengu 
260 |a Ciudad de México  |b UTEHA  |c 1953 
650 7 |a COORDENADAS POLARES  |2 CL-VaPUC  |9 425258 
650 0 |a Ecuaciones  |9 260137 
650 7 |a ECUACIONES DE SEGUNDO GRADO  |2 CL-VaPUC  |9 431165 
650 0 |a Ecuaciones paramétricas  |9 426254 
650 7 |a ELIPSE  |2 CL-VaPUC  |9 452373 
650 0 |a Geometría diferencial   |9 315147 
650 0 |a Parábolas  |9 313604 
650 0 |a Hipérbolas  |9 358878 
650 7 |a SISTEMAS DE COORDENADAS  |2 CL-VaPUC  |9 452374 
583 |a last modification  |c 20120420 04:06:31  |k Rodrigo Vera 
999 |c 292586  |d 292584 
952 |0 0  |1 0  |4 0  |6 516_300000000000000_LEH_1953  |7 0  |8 A  |9 343545  |a BIBING  |b BIBING  |d 2019-11-20  |i 3717089  |o 516.3 LEH 1953  |p 3717089  |r 2023-03-02  |w 2019-11-20  |y BK  |k ING